000 00279nam a2200121Ia 4500
008 231129s9999||||xx |||||||||||||| ||spa||
040 _bspa
082 _aP869 E17a
100 _aEca de Queiroz Jose Maria
245 0 _aAlves y cia
264 _aSalvat-Alianza
942 _2ddc
_cBKS
999 _c4879
_d4879